Statistics for Biggest bordering countries

Click here to take the quiz!

General Stats

  • This quiz has been taken 1,144 times
  • The average score is 17 of 20

Answer Stats

Country Biggest bordering country % Correct
LuxembourgFrance
95%
United StatesCanada
93%
United Kingdom*Ireland
92%
North KoreaRussia
91%
UruguayBrazil
91%
MacedoniaGreece
90%
RussiaChina
89%
NorwayRussia
87%
TurkmenistanKazakhstan
87%
CambodiaThailand
86%
Saudi ArabiaYemen
86%
El SalvadorHonduras
86%
PolandRussia
85%
MontenegroSerbia
84%
Costa ricaNicaragua
84%
MoldovaUkraine
83%
PanamaColombia
82%
ArmeniaIran
77%
TajikistanChina
72%
D. R. CongoAngola
71%

Score Distribution

Percentile by Number Answered

Percent of People with Each Score

Your Score History

You have not taken this quiz